000 00587nam a2200205Ia 4500
003 OSt
005 20240401121210.0
008 210210b1945 xxu||||| |||| 00| 0 eng d
040 _cAL
041 _aKannada
082 _a858/146
100 _aRAJARATNAM (G P)
_9137136
_d ರಾಜರತ್ನಂ ಜಿ ಪಿ
245 _aChinadeshada gandhi
_bಚೀನಾದೇಶದ ಗಾಂಧೀ
260 _aBengaluru
_bShakya Sahitya Mantapa
_c1945
650 _agAndhi
_9137137
650 _aChInAdEshada
_9137138
690 _aBiography
_9137139
906 _a020689
942 _2ddc
_cBK
999 _c144843
_d144843